000 01377nam1a22004331 4500
001 RU\NLR\A1SV\3983
005 20251203171251.9
035 _a(NLR Aleph) 009689987
090 _a9732289
_c9732289
100 _a20260119 rusy50
101 0 _arus
102 _aRU
200 1 _aНовости русского и иностранного пчеловодства
210 _aМ.
_aЛ.
_cГос. изд.
_d1925
215 _d23 см
225 _aНовые успехи в агрономии
300 _aНапеч. в Москве
300 _aВ 1 вып. перед загл. сост.: А.Брюханенко; со 2 вып. позагол.: Под ред. А.Брюханенко
620 _dСанкт-Петербург
620 _dМосква
702 1 _aБрюханенко
_bА.Н.
_f1873-1967
_gАлександр Николаевич
801 0 _aRU
_bNLR
_c20090506
899 _aРНБ
_j34.86.1.209-1
899 _aРНБ
_j27/651-3а
899 _aРГБ
899 _aНБ ТГУ
899 _aБАН
899 _aКирОУНБ
899 _aНБЛ КГУ
899 _aРКП
_z(вып.1)
899 _aСПбГУ
_z(вып.1)
899 _aNLG
_z(вып.1)
899 _aРНБ
_j27/651-2-4
942 _cBOOK
980 _aNB
980 _aA1SV
980 _aA1SV
980 _aA1SV